Classifica Marcatori Premier League 2010-2011 - Statistics

Statistiche generali
  • Questo quiz è stato fatto 15 volte
  • Il punteggio medio è 6 su 15
Statistiche sulle risposte
Gol Nazione Calciatore Squadra % Corretto
20 Bulgaria Dimităr Berbatov Manchester Utd
100%
12 Costa d'Avorio Didier Drogba Chelsea
93%
18 Paesi Bassi Robin van Persie Arsenal
93%
20 Argentina Carlos Tévez Manchester City
79%
13 Messico Javier Hernández Manchester Utd
79%
12 Stati Uniti Clint Dempsey Fulham
64%
13 Inghilterra Andy Carroll Newcastle Utd (11), Liverpool (2)
43%
13 Francia Florent Malouda Chelsea
43%
17 Inghilterra Darren Bent Sunderland (8), Aston Villa (9)
21%
13 Paesi Bassi Rafael van der Vaart Tottenham
14%
12 Scozia Charlie Adam Blackpool
0%
13 Paesi Bassi Dirk Kuijt Liverpool
0%
13 Inghilterra Dudley Campbell Blackpool
0%
12 Inghilterra Kevin Nolan Newcastle Utd
0%
15 Nigeris Peter Odemwingie West Bromwich
0%
Nessun quiz corrispondente trovato
Distribuzione punteggi
Percentuale di utenti per punteggio
Percentile per numero di risposta
I tuoi punteggi nel tempo
Non hai fatto questo quiz